| 000 | 00334nam a22001217a 4500 | ||
|---|---|---|---|
| 008 | 230606b xxu||||| |||| 00| 0 eng d | ||
| 020 | _a9966442049 | ||
| 082 |
_a657.48 _bNZO |
||
| 245 |
_aAdvanced Financial Accounting _cN. D. Nzomo , Ed.D CPA (K) |
||
| 260 |
_aNairobi _bKenya Literature Bureau _c1985 |
||
| 300 | _a683 p | ||
| 942 |
_2ddc _cBK |
||
| 999 |
_c684 _d684 |
||